| 000 | 00623nam a2200205 4500 | ||
|---|---|---|---|
| 001 | 112234 | ||
| 003 | ES-MaACL | ||
| 005 | 20230906185458.0 | ||
| 007 | t| | ||
| 008 | 061121s1957 sp r ||||1| spa d | ||
| 100 | 1 |
_aMuñoz Campos, Juan. _984366 |
|
| 245 | 1 | 0 |
_aAnte un sindicalismo nuevo / _cJuan Muñoz Campos , Enrique Cerezo Carrasco. |
| 260 |
_aMadrid : _bEuramérica, _c1957. |
||
| 300 |
_a210 p. ; _c18 cm. |
||
| 490 | 1 | _aColección mundo mejor | |
| 700 | 1 |
_aCerezo Carrasco, Enrique. _937502 |
|
| 830 | 0 |
_aColección mundo mejor _9183287 |
|
| 852 |
_aES-MaACL _jC-12601 _bR.40361 |
||
| 999 |
_c112234 _d112234 |
||